| 000 | 01288cam a2200277 a 4500 | ||
|---|---|---|---|
| 001 | 4400 | ||
| 005 | 20250801104445.0 | ||
| 020 | _a9780545569910 | ||
| 040 |
_aDLC _cDLC _dDLC _beng |
||
| 050 | 0 | 0 |
_aE757.R93 _b2012 |
| 082 | 0 | 0 | _a979.4 |
| 100 | 1 | _aRosenstock, Barb | |
| 245 | 1 | 4 |
_aThe camping trip that changed America : _bTheodore Roosevelt, John Muir, and our national parks / _cby Barb Rosenstock ; illustrated by Mordicai Gerstein |
| 250 | _aFirst scholastic printing , April 2013 | ||
| 260 |
_aNew York : _bScholastic ; _c2012 . |
||
| 300 |
_a32 unnumbered pages : _bcolor illustrations ; _c29 cm . |
||
| 505 | _aR | ||
| 520 | _aOffers insight into the camping trip that President Theodore Roosevelt and naturalist John Muir took to the redwoods of Yosemite in 1903, during which the two men had experiences and conversations that eventually contributed to the establishment of national parks in the United States. | ||
| 521 |
_a740
_bLexile |
||
| 521 |
_aR
_bRaz-Plus |
||
| 650 | 0 |
_aNational parks and reserves _zUnited States _xHistory _vJuvenile literature. |
|
| 650 | 0 |
_aEnvironmentalism _zUnited States _xHistory _vJuvenile literature. |
|
| 700 | 1 |
_aGerstein, Mordicai _eillustrator |
|
| 906 |
_a7 _bcbc _corignew _d1 _eecip _f20 _gy-gencatlg |
||
| 942 |
_2ddc _cBK _n0 |
||
| 999 |
_c4400 _d4400 |
||